=LDR 00000nam 2200000 4500 =001 INLIS000000000013629 =005 20130612105006 =008 ***********************************Ind** =035 ##$$0010-061300000013629 =041 ##$$a Ind =082 ##$$a 2x2.22 =090 ##$$a 2x2.22, Mun r =100 ##$$a Al-Mundziri, Al-Hafizhzaki Al-Din 'Abd. Al-Azhim =245 ##$$a Ringkasan shalih muslim, Al-Habizh zaki Al-Din 'Abd. Al-Azhim Al-Mundziri =260 ##$$a 2002 $b Bandung =300 ##$$a 1303 hlm, 23 cm =650 ##$$a Hadis muslim - Kumpulan =850 ##$$a NBPNMAT